ILLIT Not Cute Anymore English Lyrics (Kpop) - Statistics

General Stats
  • This quiz has been taken 71 times
  • The average score is 64 of 85
Answer Stats
Answer % Correct
I
98%
I
98%
I
98%
I
98%
no
96%
no
96%
no
96%
no
96%
cute
94%
cute
94%
cute
94%
cute
94%
cute
94%
cute
94%
not
94%
not
94%
not
94%
not
94%
not
94%
not
94%
anymore
91%
anymore
91%
anymore
91%
anymore
91%
anymore
91%
anymore
91%
I'm
91%
I'm
91%
I'm
91%
I'm
91%
I'm
91%
I'm
91%
I'm
91%
my
72%
my
72%
my
72%
'cause
70%
'cause
70%
got
70%
mirror
70%
(uh
70%
uh)
70%
(uh
70%
uh)
70%
(uh
70%
uh)
70%
(uh
70%
uh)
70%
(uh
70%
uh)
70%
(uh
70%
uh)
70%
got
69%
hand
69%
more
69%
more
69%
oh
69%
oh
69%
on
69%
on
69%
vinyl
67%
vinyl
67%
keyring
65%
will
65%
rock
63%
die
61%
makeup
61%
never
61%
suede
59%
suede
59%
tutorial
59%
cherry
54%
coke
54%
for
54%
get
54%
like
54%
stressed
54%
super
54%
too
54%
when
54%
don't
52%
shy
52%
all
50%
matcha
44%
these
44%
No matching quizzes found
Score Distribution
Percent of People with Each Score
Percentile by Number Answered
Your Score History
You have not taken this quiz